MLB Players By Picture - Hard - Statistics

General Stats
  • This quiz has been taken 193 times
  • The average score is 6 of 8
Answer Stats
Picture Answer % Correct
Teoscar Hernandez
95%
Josh Hader
81%
Carlos Rodon
75%
Miguel Rojas
73%
Triston McKenzie
65%
Danny Jansen
64%
Kyle Seager
61%
Triston Casas
49%
No matching quizzes found
Score Distribution
Percent of People with Each Score
Percentile by Number Answered
Your Score History
You have not taken this quiz